Ont-ils déjà joué avec... Winona Ryder ? - Statistiques

Statistiques générales
  • Ce quiz a été pris 15 fois
  • Le résultat moyen est 2 sur 10
Answers on the Grid
Answers color-coded by a green-red scale on the quiz's grid according to % correct below.
Jeanne Moreau
Bruce Willis
Clint Eastwood
Patricia Arquette
Kim Basinger
Joaquin Phoenix
Jared Leto
Robert Pattinson
Serena Williams
Daniel Day-Lewis
Jason Statham
Cate Blanchett
Jodie Foster
Daniel Brühl
Charlie Sheen
Leonardo DiCaprio
Al Pacino
Queen Latifah
Richard Gere
Asia Argento
 
Statistiques - réponses
Réponse % Correct
Jared Leto
64%
Charlie Sheen
36%
Leonardo DiCaprio
36%
Kim Basinger
27%
Daniel Day-Lewis
18%
Jason Statham
18%
Queen Latifah
18%
Richard Gere
18%
Al Pacino
9%
Asia Argento
0%
Aucun quiz correspondant
Distribution des résultats
% des personnes avec chaque résultat
Percentile par nombre de réponses
Votre historique - résultats
Vous n’avez pas pris ce quiz